000
00297nam a22001337a 4500
008
171123b xxu||||| |||| 00| 0 eng d
020
_a
9780070504943
041
_a
eng
080
_2
8 ED
_a
33
100
_a
59
101
_a
BUS
245
_a
BUSINESS AND SOCIETY
_c
POST.J.E
942
_2
udc
_c
BK
999
_c
38317
_d
38317